000 00336nam a22001457a 4500
008 230427b ||||| |||| 00| 0 eng d
020 _a9780684312446
041 _aeng
080 _2VOLUME 3
_a030
082 _a030CHI
100 _a44
101 _aENCIKO
245 _aENCYCLOPEDIA OF MODERN ASIA
_cCHRISTENSEN.K
942 _2udc
_cBK
999 _c59627
_d59627